000 00584nam a22002297a 4500
003 UA-OsUOA
001 23240
007 ta
008 20040115b un ||||| |||| 00| 0 ukr d
100 _aБілоус Ф.І.
090 _a246.3
_bО60
942 _cRB
040 _aUA-OsUOA
_brus
_cUA-OsUOA
_dUA-OsUOA
245 _aОписаніє иконъ по церквахъ рускихъ въ столичьномъ граде Львове
300 _a70 с.
955 _a0
041 _arus
080 _a246.3
260 _aЛьвовъ
_c1858
044 _aUA
650 7 _2UDC
999 _c309484
_d309484